000
00278nam a2200109Ia 4500
005
20251222144907.0
008
251222s9999||||xx |||||||||||||| ||spa||
082
_a
352.13/T81
245
0
_a
Tributación Municipal y Constitución
264
_b
Defensoría del Pueblo
942
_c
LIB
999
_c
22203
_d
22203